An introduction to physical science / (Record no. 15592)
[ view plain ]
| 000 -LEADER | |
|---|---|
| fixed length control field | 00523nam a2200193 a 4500 |
| 020 ## - INTERNATIONAL STANDARD BOOK NUMBER | |
| ISBN | 0669417157 |
| 040 ## - CATALOGING SOURCE | |
| Transcribing agency | DLC |
| 082 00 - DEWEY DECIMAL CLASSIFICATION NUMBER | |
| Classification number | 500 HOU 1997 A080 Or. |
| 100 1# - MAIN ENTRY--AUTHOR NAME | |
| Personal name | Shipman, James T. |
| 245 13 - TITLE STATEMENT | |
| Title | An introduction to physical science / |
| 250 ## - EDITION STATEMENT | |
| Edition statement | 8th ed. |
| 260 ## - PUBLICATION, DISTRIBUTION, ETC. (IMPRINT) | |
| Place of publication | Boston : |
| Name of publisher | Houghton Mifflin Co., |
| Year of publication | c1997. |
| 300 ## - PHYSICAL DESCRIPTION | |
| Number of Pages | xx, 748, 58 p. : |
| Other physical details | col. ill., col. maps ; |
| Dimensions | 27 cm. |
| 500 ## - GENERAL NOTE | |
| General note | Includes index. |
| 650 #0 - SUBJECT ADDED ENTRY--TOPICAL TERM | |
| Topical Term | Physical sciences. |
| 700 1# - ADDED ENTRY--PERSONAL NAME | |
| Personal name | Wilson, Jerry D. |
| 700 1# - ADDED ENTRY--PERSONAL NAME | |
| Personal name | Todd, Aaron W. |
| 942 ## - ADDED ENTRY ELEMENTS (KOHA) | |
| Koha item type | សៀវភៅភាសាអង់គ្លេស |
| 952 ## - LOCATION AND ITEM INFORMATION (KOHA) | |
| Withdrawn status [LOCAL, KOHA] | 0 |
| Permanent Location | Date acquired | Koha item type | Lost status | Shelving location | Barcode | Current Location | Full call number |
|---|---|---|---|---|---|---|---|
| Library Block A | 2017-12-04 | សៀវភៅភាសាអង់គ្លេស | A080 | A06968 | Library Block A | 500 HOU 1997 A080 Or. |